Elasticidad-precio de la oferta en el sector agrario en España entre 1939 y 1953. (Registro nro. 187)

Detalles MARC
000 -LEADER
campo de control de longitud fija 00889nam a22002057a 4500
001 - NÚMERO DE CONTROL
campo de control EIF-IV-1999-M4-007
003 - IDENTIFICADOR DE NÚMERO DE CONTROL
campo de control OSt
005 - FECHA Y HORA DE LA ÚLTIMA TRANSACCIÓN
campo de control 20221108185505.0
008 - DATOS DE LONGITUD FIJA--INFORMACIÓN GENERAL
campo de control de longitud fija 221108b |||||||| |||| 00| 0 eng d
040 ## - FUENTE DE CATALOGACIÓN
Centro catalogador/agencia de origen Fundación Jesús Pereda
Centro/agencia transcriptor Fundación Jesús Pereda
041 ## - CÓDIGO DE IDIOMA
Código de lengua del texto/banda sonora o título independiente Castellano
100 ## - ENTRADA PRINCIPAL--NOMBRE DE PERSONA
Filiación London School of Economics
Nombre de persona Christiansen, Thomas
9 (RLIN) 360
111 ## - ENTRADA PRINCIPAL--NOMBRE DE CONGRESO/REUNIÓN
Nombre de congreso/reunión o jurisdicción como elemento de entrada Encuentro de Investigadores del Franquismo
Sede del congreso/Lugar de la reunión (Valencia.
Fecha del congreso o de la firma del tratado 1999.
Número del congreso/reunión o número de parte o sección 4º)
9 (RLIN) 96
245 ## - MENCIÓN DEL TÍTULO
Título Elasticidad-precio de la oferta en el sector agrario en España entre 1939 y 1953.
Resto del título Una reinterpretación del mercado del trigo
Mención de responsabilidad, etc. /Thomas Christiansen
650 #0 - PUNTO DE ACCESO ADICIONAL DE MATERIA--TÉRMINO DE MATERIA
9 (RLIN) 190
Término de materia o nombre geográfico como elemento de entrada Agricultura
650 #0 - PUNTO DE ACCESO ADICIONAL DE MATERIA--TÉRMINO DE MATERIA
9 (RLIN) 219
Término de materia o nombre geográfico como elemento de entrada Economía
773 ## - ASIENTO DE ITEM FUENTE
Título <a href="Actas del IV Encuentro de Investigadores del Franquismo">Actas del IV Encuentro de Investigadores del Franquismo</a>
Parte(s) relacionada(s) 481-487 p.
856 ## - LOCALIZACIÓN Y ACCESO ELECTRÓNICOS
Identificador Uniforme de Recursos <a href="https://bibliotecaccoocyl.fundacionjesuspereda.es/cgi-bin/koha/opac-retrieve-file.pl?id=5b96bb7895e076644404106f2bbe0c63">https://bibliotecaccoocyl.fundacionjesuspereda.es/cgi-bin/koha/opac-retrieve-file.pl?id=5b96bb7895e076644404106f2bbe0c63</a>
942 ## - ELEMENTOS DE ENTRADA SECUNDARIOS (KOHA)
Fuente del sistema de clasificación o colocación Clasificación Decimal Dewey
Tipo de ítem Koha Archivo de computadora
Suprimir en OPAC No

No hay ítems disponibles.

Página web subvencionada totalmente por la Consejería de Cultura y Turismo de la Junta de Castilla y León

Con tecnología Koha